000 00251nam a2200097Ia 4500
001 640166
005 20250826153442.0
008 250824s9999 xx 000 0 und d
245 0 _a4 Evlenmek İsteyen Prenses
_c Kate McMullan
260 _bBEYAZ BALİNA
999 _c640166
_d640166